Trece casos misteriosos
Saved in:
| Main Authors: | , |
|---|---|
| Format: | Bog |
| Sprog: | spansk |
| Udgivet: |
Santiago
Andres Bello
2002
|
| Udgivelse: | 12a. ed |
| Fag: | |
| Tags: |
Tilføj Tag
Ingen Tags, Vær først til at tagge denne postø!
|
MARC
| LEADER | 00000nam a2200000 a 4500 | ||
|---|---|---|---|
| 001 | UCH6824 | ||
| 003 | CL-VaPUC | ||
| 008 | 091109e20020000CL |||||||||||||||||spa|d | ||
| 020 | |a 9561308924 | ||
| 082 | 0 | 4 | |a Ch863 |b BAL |2 21 |
| 100 | 0 | |a Balcells, Jacqueline |e author |9 543421 | |
| 700 | |a Güiraldes, Ana María |e author |9 571895 | ||
| 245 | 1 | 0 | |a Trece casos misteriosos |
| 250 | |a 12a. ed | ||
| 300 | |a 123 p | ||
| 942 | |c BK | ||
| 945 | |d 20091109 00:00:00 |a lazolas | ||
| 260 | |a Santiago |b Andres Bello |c 2002 | ||
| 650 | 0 | |a Literatura |9 259151 | |
| 650 | 0 | |a Literatura chilena |9 308278 | |
| 650 | 0 | |a Cuentos chilenos |9 308280 | |
| 650 | 0 | |a Escritores chilenos |9 420370 | |
| 650 | 0 | |a Lectura |9 307634 | |
| 650 | 0 | |a Ficción |9 376687 | |
| 651 | 7 | |a CHILE |2 CL-VaPUC |9 543423 | |
| 583 | |a last modification |c 20091109 00:00:00 |k Rodrigo Vera | ||
| 999 | |c 337644 |d 337642 | ||